| 000 | 00841nam a22001937a 4500 | ||
|---|---|---|---|
| 005 | 20240927172127.0 | ||
| 010 | _aHIN-128373 | ||
| 020 |
_c299.00 _a9789355181817 |
||
| 035 | _aHN-100719 | ||
| 037 | _bDBAD | ||
| 082 | _aउ | ||
| 100 |
_aदानी, राजेन्द्र _972157 |
||
| 245 |
_aजिसका अन्त नहीं: _bराजनीतिक शोषण का बखान करता उपन्यास/ _cराजेन्द्र दानी |
||
| 250 | _a1 | ||
| 260 |
_aनई दिल्ली _bवाणी प्रकाशन _c2022 |
||
| 270 |
_a4695,21-ए, दरियागंज _bनयी दिल्ली _e110002 _k911123273167 _msales@vaniprakashan.in |
||
| 300 |
_a136 पृ. _c20 सेमी (आजिल्द) |
||
| 942 |
_2ddc _cHN _hउ _mदानीरा |
||
| 999 |
_c205664 _d205664 |
||